[Event "SA-2017-0-00567"]
[Site "LSS email"]
[Date "2017.02.23"]
[Round "?"]
[White "Egorov, Vladimir Al"]
[Black "Peterka, Jiri"]
[Result "0-1"]
[WhiteElo "2083"]
[BlackElo "2167"]
[PlyCount "156"]
[EventDate "2017.01.31"]
[EventType "tourn (corr)"]
[EventRounds "6"]
[EventCountry "GER"]
[SourceTitle "Corr 2022"]
[Source "ChessBase"]
[SourceDate "2021.10.24"]
[SourceVersion "1"]
[SourceVersionDate "2021.10.24"]
[SourceQuality "1"]

1. c4 e5 2. Nc3 Nf6 3. Nf3 Nc6 4. g3 d5 5. cxd5 Nxd5 6. Bg2 Nb6 7. 0-0 Be7 8. d3 0-0 9. Be3 Bg4 10. Rc1 Qd7 11. a3 Rab8 12. b4 a6 13. Ne4 Rfe8 14. Nc5 Bxc5 15. Bxc5 h6 16. Re1 Nd5 17. Qb3 Be6 18. Qb2 Bh3 19. Bh1 f6 20. Qc2 Red8 21. Nh4 Qf7 22. Qb2 Rd7 23. Rc2 Re8 24. a4 a5 25. bxa5 Nxa5 26. Ba3 b6 27. Qb5 Red8 28. Nf3 c6 29. Qb2 Qe6 30. Nd2 c5 31. Qa2 Kh8 32. Rcc1 Nc6 33. a5 Nd4 34. Bxd5 Rxd5 35. axb6 Qxb6 36. Bb2 Qc6 37. Bxd4 exd4 38. f3 Re5 39. Ne4 Bf5 40. Qf7 Bh7 41. Rb1 Bg8 42. Qb7 Qe8 43. Qc7 Rd7 44. Qb8 Qe7 45. Ra1 Kh7 46. f4 Red5 47. Qb2 Bf7 48. Qd2 Rc7 49. Nf2 Rdd7 50. e3 dxe3 51. Rxe3 Qd8 52. Qa5 Qb8 53. Qe1 c4 54. dxc4 Rxc4 55. Rc3 Rxc3 56. Qxc3 Bg6 57. Rc1 Rb7 58. Qc8 Qa7 59. Qc3 Qa2 60. Ra1 Qg8 61. Rd1 Qb8 62. Qd4 Re7 63. Qd2 Qe8 64. Qd5 Re2 65. Rd2 Re3 66. Rd1 Re2 67. Rd2 Re3 68. Rd1 Bh5 69. Qf5+ Kh8 70. g4 Bf7 71. Qc5 Kh7 72. Rc1 Bg6 73. Ra1 Rf3 74. Qd4 Qe2 75. Rf1 Kh8 76. Qd8+ Kh7 77. Qd4 Ra3 78. Ra1 Re3 0-1

[Event "IECC TH-M-3108"]
[Site "IECC email"]
[Date "2017.01.24"]
[Round "?"]
[White "Beer, Stefanie"]
[Black "Peterka, Jiri"]
[Result "0-1"]
[WhiteElo "1957"]
[BlackElo "2022"]
[PlyCount "98"]
[EventDate "2017.??.??"]
[EventType "tourn (corr)"]
[SourceTitle "Corr 2020"]
[Source "ChessBase"]
[SourceDate "2019.09.30"]
[SourceVersion "1"]
[SourceVersionDate "2019.09.30"]
[SourceQuality "1"]
[WhiteTeam "Germany"]
[BlackTeam "Czech Republic"]
[WhiteTeamCountry "GER"]
[BlackTeamCountry "CZE"]

1. f4 Nf6 2. e3 e6 3. Nf3 c5 4. b3 Be7 5. Bb2 0-0 6. Be2 b6 7. 0-0 d5 8. c4 Bb7 9. Ne5 Nc6 10. Na3 a6 11. Nc2 dxc4 12. bxc4 Nxe5 13. Bxe5 Nd7 14. Bb2 Qc7 15. Rb1 Bc6 16. Ne1 b5 17. Nf3 b4 18. Qc2 a5 19. Ba1 f5 20. Rbd1 Rad8 21. d3 Bf6 22. Bxf6 gxf6 23. Nd2 Nb6 24. Nb3 Na4 25. Rde1 Rf7 26. Rf2 Bb7 27. Bf1 Nc3 28. Nd2 h5 29. Nb1 Nxb1 30. Qxb1 h4 31. Qb2 h3 32. g3 Qc6 33. e4 fxe4 34. dxe4 Rd4 35. Bxh3 Rxe4 36. Rxe4 Qxe4 37. Bg2 Qe1+ 38. Bf1 a4 39. Re2 Qd1 40. Rxe6 Qf3 41. Qg2 Qxg2+ 42. Bxg2 Bxg2 43. Kxg2 a3 44. Kf2 Rh7 45. h4 Rd7 46. Re8+ Kf7 47. Re2 Rd1 48. Ke3 Rb1 49. Kd3 f5 0-1

[Event "IECC TH-M-3108"]
[Site "IECC email"]
[Date "2017.01.24"]
[Round "?"]
[White "Peterka, Jiri"]
[Black "Beer, Stefanie"]
[Result "1-0"]
[WhiteElo "2008"]
[BlackElo "1971"]
[PlyCount "97"]
[EventDate "2017.??.??"]
[EventType "tourn (corr)"]
[SourceTitle "Corr 2020"]
[Source "ChessBase"]
[SourceDate "2019.09.30"]
[SourceVersion "1"]
[SourceVersionDate "2019.09.30"]
[SourceQuality "1"]
[WhiteTeam "Czech Republic"]
[BlackTeam "Germany"]
[WhiteTeamCountry "CZE"]
[BlackTeamCountry "GER"]

1. f4 d5 2. Nf3 Nf6 3. e3 e6 4. b3 Be7 5. d4 c5 6. Bd3 Nc6 7. 0-0 0-0 8. Bb2 b6 9. c3 Bd6 10. Ne5 Bb7 11. Nd2 Ne7 12. Qc2 Rc8 13. Rae1 g6 14. Ndf3 cxd4 15. exd4 Ne4 16. Bxe4 dxe4 17. Ng5 Bxe5 18. dxe5 Qd3 19. Qxd3 exd3 20. Ne4 Bxe4 21. Rxe4 Rfd8 22. Kf2 h5 23. Ke3 Nf5+ 24. Kd2 Rd7 25. Ree1 Kg7 26. Rf3 Rcd8 27. Rc1 Nh4 28. Rh3 Nf5 29. c4 Nh6 30. Rf3 Nf5 31. Rc3 Nh4 32. Rg3 Kf8 33. Rc1 Nf5 34. Rh3 Nh6 35. Ba3+ Kg7 36. Rc3 Ng4 37. Rhxd3 Nxh2 38. Ke2 Rd4 39. Rxd4 Rxd4 40. Bd6 Re4+ 41. Kd3 Re1 42. b4 Ng4 43. Kd2 Rf1 44. c5 Nf2 45. c6 Ne4+ 46. Ke2 Rd1 47. Kxd1 Nxc3+ 48. Kd2 Nd5 49. b5 1-0

[Event "IECC O-4458"]
[Site "IECC email"]
[Date "2016.12.22"]
[Round "?"]
[White "Peterka, Jiri"]
[Black "Martins, Karin"]
[Result "1/2-1/2"]
[WhiteElo "2025"]
[BlackElo "2024"]
[PlyCount "69"]
[EventDate "2016.??.??"]
[EventType "swiss (corr)"]
[EventRounds "2"]
[SourceTitle "Corr 2020"]
[Source "ChessBase"]
[SourceDate "2019.09.30"]
[SourceVersion "1"]
[SourceVersionDate "2019.09.30"]
[SourceQuality "1"]
[WhiteTeam "Czech Republic"]
[BlackTeam "Germany"]
[WhiteTeamCountry "CZE"]
[BlackTeamCountry "GER"]

1. d4 Nf6 2. c4 g6 3. Nc3 Bg7 4. e4 d6 5. Nf3 0-0 6. Be2 Nbd7 7. 0-0 c6 8. Be3 a6 9. a4 a5 10. h3 e5 11. d5 Qc7 12. Qc2 Nc5 13. Nd2 b6 14. dxc6 Qxc6 15. Rfd1 Rb8 16. Bf3 Rd8 17. Ndb1 Qe8 18. Rd2 Qf8 19. Na3 Bh6 20. Re1 Bxe3 21. Rxe3 Bb7 22. h4 Rd7 23. Nab5 Ba6 24. b3 Rbd8 25. g3 Bxb5 26. axb5 Qe7 27. Bg2 Rf8 28. Bh3 Rc7 29. f3 Ra7 30. Re1 Rd8 31. Red1 Kg7 32. Ra1 Raa8 33. Ra2 Re8 34. Nd1 Rad8 35. Ne3 1/2-1/2

[Event "ZH-2014-0-01168"]
[Site "LSS email"]
[Date "2014.02.07"]
[Round "?"]
[White "Nowak, Ireneusz"]
[Black "Peterka, Jiri"]
[Result "1/2-1/2"]
[WhiteElo "2165"]
[BlackElo "2168"]
[PlyCount "52"]
[EventDate "2014.01.24"]
[EventType "match (corr)"]
[EventRounds "2"]
[EventCountry "GER"]
[SourceTitle "Corr 2022"]
[Source "ChessBase"]
[SourceDate "2021.10.24"]
[SourceVersion "1"]
[SourceVersionDate "2021.10.24"]
[SourceQuality "1"]

1. e4 e6 2. d4 d5 3. e5 c5 4. c3 Nc6 5. Nf3 Qb6 6. a3 c4 7. Nbd2 Na5 8. g3 Bd7 9. Bg2 Be7 10. 0-0 Bd8 11. Rb1 Ne7 12. Nh4 0-0 13. Re1 Rc8 14. Nf1 h6 15. Be3 Kh7 16. Nd2 Nb3 17. Nxb3 Ba4 18. Qh5 Bxb3 19. Re2 Qb5 20. Rf1 Qe8 21. Nf3 Qa4 22. Rc1 Nf5 23. Bf4 Kg8 24. g4 Ne7 25. Rd2 Qe8 26. Rf1 Rc7 1/2-1/2

[Event "ZH-2014-0-01168"]
[Site "LSS email"]
[Date "2014.02.07"]
[Round "?"]
[White "Peterka, Jiri"]
[Black "Nowak, Ireneusz"]
[Result "1/2-1/2"]
[WhiteElo "2168"]
[BlackElo "2165"]
[PlyCount "97"]
[EventDate "2014.01.24"]
[EventType "match (corr)"]
[EventRounds "2"]
[EventCountry "GER"]
[SourceTitle "Corr 2022"]
[Source "ChessBase"]
[SourceDate "2021.10.24"]
[SourceVersion "1"]
[SourceVersionDate "2021.10.24"]
[SourceQuality "1"]

1. d4 Nf6 2. Nf3 e6 3. c4 d5 4. Nc3 Be7 5. Bf4 0-0 6. Rc1 c5 7. dxc5 Bxc5 8. e3 Nc6 9. Be2 dxc4 10. Bxc4 Qxd1+ 11. Rxd1 b6 12. 0-0 Bb7 13. Nb5 Rfd8 14. Nc7 Rac8 15. Nxe6 fxe6 16. Bxe6+ Kf8 17. Bxc8 Rxc8 18. Bd6+ Bxd6 19. Rxd6 Nb4 20. Rd4 Nxa2 21. Ra4 Nc1 22. Rxa7 Ne2+ 23. Kh1 Bd5 24. h3 Rc2 25. Rfa1 b5 26. b4 Ne4 27. Rd7 Ba2 28. Kh2 N2c3 29. Nd4 Rxf2 30. Ne6+ Kg8 31. Rxg7+ Kh8 32. Re7 Bxe6 33. Rxe6 Kg7 34. Ra7+ Rf7 35. Ree7 Rxe7 36. Rxe7+ Kg6 37. Re5 h5 38. Kg1 Kf7 39. Kh2 Kg6 40. Kg1 Kf6 41. Re8 Kf7 42. Rh8 Kg6 43. Rd8 Kf7 44. Kh2 Nf6 45. Kg3 Nfd5 46. Rh8 Kg6 47. Rg8+ Kf7 48. Rb8 Nxe3 49. Rc8 1/2-1/2

[Event "RA-2011-0-00179"]
[Site "LSS email"]
[Date "2012.01.12"]
[Round "?"]
[White "Sukhorskij, Vladimir Stanislavo"]
[Black "Peterka, Jiri"]
[Result "1/2-1/2"]
[WhiteElo "2142"]
[BlackElo "2083"]
[PlyCount "55"]
[EventDate "2011.12.28"]
[EventType "tourn (corr)"]
[EventRounds "6"]
[EventCountry "GER"]
[SourceTitle "Telechess CBM 155"]
[Source "ChessBase"]
[SourceDate "2013.07.16"]
[SourceVersion "1"]
[SourceVersionDate "2013.07.16"]
[SourceQuality "1"]

1. d4 Nf6 2. c4 e6 3. Nc3 Bb4 4. e3 0-0 5. Bd3 d5 6. Nf3 b6 7. 0-0 Bb7 8. cxd5 exd5 9. a3 Bd6 10. b4 a6 11. Qb3 Nbd7 12. a4 Qe7 13. Rb1 Rfe8 14. b5 axb5 15. Nxb5 Ba6 16. Qc2 Rec8 17. Bb2 c6 18. Nxd6 Qxd6 19. Bxa6 Rxa6 20. Ne5 Qe6 21. Nd3 Ne4 22. Nf4 Qe8 23. Rfe1 Ndf6 24. f3 Nd6 25. Bc3 Rca8 26. Bb4 Nb7 27. Bd2 Nd6 28. Bb4 1/2-1/2

[Event "RA-2011-0-00179"]
[Site "LSS email"]
[Date "2012.01.10"]
[Round "?"]
[White "Peterka, Jiri"]
[Black "Lizorkina, Veronika"]
[Result "0-1"]
[WhiteElo "2083"]
[BlackElo "2102"]
[PlyCount "54"]
[EventDate "2011.12.28"]
[EventType "tourn (corr)"]
[EventRounds "6"]
[EventCountry "GER"]
[SourceTitle "Telechess CBM 155"]
[Source "ChessBase"]
[SourceDate "2013.07.16"]
[SourceVersion "1"]
[SourceVersionDate "2013.07.16"]
[SourceQuality "1"]

1. e4 c5 2. Nf3 d6 3. d4 cxd4 4. Nxd4 Nf6 5. Nc3 a6 6. Be3 e6 7. f3 b5 8. Qd2 Nbd7 9. a3 Bb7 10. Nb3 Be7 11. Nd1 d5 12. Na5 Qb8 13. exd5 Bxd5 14. c4 bxc4 15. Nxc4 0-0 16. Bf4 Qa7 17. Rc1 Rac8 18. Be3 Qb8 19. b4 Bxc4 20. Rxc4 a5 21. bxa5 Bxa3 22. Ra4 Qb3 23. Rd4 Rc2 24. Rd3 Qa2 25. Qxc2 Qxc2 26. Rxa3 Nd5 27. Be2 Ne5 0-1

[Event "RA-2011-0-00179"]
[Site "LSS email"]
[Date "2012.01.09"]
[Round "?"]
[White "Sherwood, Russell"]
[Black "Peterka, Jiri"]
[Result "1-0"]
[WhiteElo "2124"]
[BlackElo "2083"]
[PlyCount "91"]
[EventDate "2011.12.28"]
[EventType "tourn (corr)"]
[EventRounds "6"]
[EventCountry "GER"]
[SourceTitle "Telechess CBM 155"]
[Source "ChessBase"]
[SourceDate "2013.07.16"]
[SourceVersion "1"]
[SourceVersionDate "2013.07.16"]
[SourceQuality "1"]

1. e4 e6 2. d4 d5 3. Nc3 Nf6 4. e5 Nfd7 5. f4 c5 6. Nf3 Nc6 7. Be3 Qb6 8. Na4 Qa5+ 9. c3 c4 10. b4 Qc7 11. Be2 Be7 12. 0-0 Nd8 13. a3 Nf8 14. Qe1 Nc6 15. h4 Bd8 16. h5 a5 17. b5 Ne7 18. Nh4 b6 19. Qg3 Rg8 20. Bd2 g6 21. h6 Bd7 22. Rab1 Rb8 23. Rb2 Rh8 24. Nf3 Nc8 25. Rfb1 Be7 26. Ra2 Na7 27. Nb2 Bxb5 28. a4 Bc6 29. Rba1 Bd8 30. Bc1 Nc8 31. Nd1 b5 32. axb5 Rxb5 33. Ne3 Qb7 34. Nd2 Ne7 35. Ba3 Nd7 36. Qg4 Rb3 37. Nxb3 cxb3 38. Rb2 a4 39. Bd3 Ba5 40. Rc1 Qa7 41. Re2 Bb6 42. Kh2 Nb8 43. f5 exf5 44. Nxf5 Nxf5 45. Bxf5 Bb5 46. Rf2 1-0

[Event "LSS SA-2010-0-00162"]
[Site "LSS email"]
[Date "2010.10.31"]
[Round "?"]
[White "Schild, Reinhard"]
[Black "Peterka, Jiri"]
[Result "1/2-1/2"]
[WhiteElo "1912"]
[BlackElo "2049"]
[PlyCount "55"]
[EventDate "2010.10.09"]
[EventType "tourn (corr)"]
[EventRounds "6"]
[EventCountry "GER"]
[SourceTitle "Telechess CBM 151"]
[Source "ChessBase"]
[SourceDate "2012.11.13"]
[SourceVersion "1"]
[SourceVersionDate "2012.11.13"]
[SourceQuality "1"]

1. d4 Nf6 2. c4 c5 3. d5 b5 4. cxb5 a6 5. bxa6 Bxa6 6. Nc3 d6 7. Nf3 g6 8. g3 Bg7 9. Bg2 Nbd7 10. Rb1 0-0 11. 0-0 Qa5 12. Bd2 Rfb8 13. Qc2 Qc7 14. b3 Nb6 15. Nh4 Qb7 16. Rfd1 Nfxd5 17. Nxd5 Nxd5 18. Bh6 e6 19. Bxg7 Kxg7 20. e4 Nb4 21. Qc3+ e5 22. Rxd6 Qe7 23. Rd2 Bc8 24. Rbb2 Ra3 25. f4 c4 26. Bf1 Nxa2 27. Rxa2 Qa7+ 28. Kh1 1/2-1/2

[Event "LSS BI-2010-P-00015"]
[Site "LSS email"]
[Date "2010.04.19"]
[Round "?"]
[White "Mouratidou, Maria"]
[Black "Peterka, Jiri"]
[Result "0-1"]
[WhiteElo "930"]
[BlackElo "2051"]
[PlyCount "48"]
[EventDate "2010.04.22"]
[EventType "tourn (corr)"]
[EventRounds "10"]
[EventCountry "GER"]
[SourceTitle "Telechess CBM 141"]
[Source "ChessBase"]
[SourceDate "2011.03.17"]
[SourceVersion "1"]
[SourceVersionDate "2011.03.17"]
[SourceQuality "1"]

1. d4 Nf6 2. c4 c5 3. d5 b5 4. cxb5 a6 5. bxa6 Bxa6 6. Nc3 g6 7. e4 Bxf1 8. Kxf1 d6 9. g3 Bg7 10. Kg2 Nbd7 11. Nf3 0-0 12. Re1 Ng4 13. Nd2 Nge5 14. Qe2 Nb6 15. f4 Ned7 16. a4 Bxc3 17. bxc3 Nxa4 18. c4 Nc3 19. Rxa8 Qxa8 20. Qd3 Na2 21. Bb2 Rb8 22. Rb1 Rb6 23. Qc2 Nb4 24. Qc3 f6 0-1

[Event "LSS RB-2009-0-00076"]
[Site "LSS email"]
[Date "2010.01.26"]
[Round "?"]
[White "Peterka, Jiri"]
[Black "Kushnaryov, Andrey"]
[Result "1-0"]
[WhiteElo "1993"]
[BlackElo "1967"]
[PlyCount "91"]
[EventDate "2009.12.15"]
[EventType "tourn (corr)"]
[EventRounds "6"]
[EventCountry "GER"]
[SourceTitle "Corr 2013"]
[Source "ChessBase"]
[SourceDate "2012.11.12"]
[SourceVersion "1"]
[SourceVersionDate "2012.11.12"]
[SourceQuality "1"]

1. e4 e5 2. Nf3 Nf6 3. d4 Nxe4 4. Bd3 d5 5. Nxe5 Nd7 6. Nxd7 Bxd7 7. 0-0 Bd6 8. c4 c6 9. cxd5 cxd5 10. Nc3 Nxc3 11. bxc3 0-0 12. Qh5 g6 13. Qxd5 Qc7 14. Bh6 Rfe8 15. h4 Be6 16. Qg5 Be7 17. Qd2 Bxh4 18. Bf4 Qa5 19. Be5 Bd5 20. Qf4 Bd8 21. c4 Bc6 22. Rab1 Rxe5 23. Qxe5 Qxe5 24. dxe5 Bb6 25. Rfe1 Rd8 26. Be4 Rd2 27. Bxc6 bxc6 28. e6 fxe6 29. Rxe6 Rxa2 30. Rxc6 Bxf2+ 31. Kf1 Kg7 32. Rb7+ Kh6 33. Rb3 Bd4 34. Rd3 Be5 35. Re6 Bc7 36. Rc3 Ra1+ 37. Kf2 Ba5 38. Rc2 Rd1 39. c5 Rd7 40. Kf3 Kg5 41. Ra6 Rf7+ 42. Ke2 Re7+ 43. Kd3 Bd8 44. Rf2 Re5 45. Kd4 Re7 46. Kd5 1-0

[Event "LSS RB-2009-0-00076"]
[Site "LSS email"]
[Date "2010.01.24"]
[Round "?"]
[White "Grego, Luis Jose Gonzaga"]
[Black "Peterka, Jiri"]
[Result "0-1"]
[WhiteElo "1936"]
[BlackElo "1993"]
[PlyCount "116"]
[EventDate "2009.12.15"]
[EventType "tourn (corr)"]
[EventRounds "6"]
[EventCountry "GER"]
[SourceTitle "Corr 2013"]
[Source "ChessBase"]
[SourceDate "2012.11.12"]
[SourceVersion "1"]
[SourceVersionDate "2012.11.12"]
[SourceQuality "1"]

1. d4 Nf6 2. c4 c5 3. d5 b5 4. cxb5 a6 5. f3 axb5 6. e4 Qa5+ 7. Bd2 b4 8. Na3 d6 9. Nc4 Qc7 10. a3 e6 11. dxe6 Bxe6 12. Bf4 Bxc4 13. Bxc4 Be7 14. Ne2 0-0 15. 0-0 Nc6 16. axb4 Rxa1 17. Qxa1 Nxb4 18. Rd1 Nd7 19. Qc1 Nb6 20. Nd4 Nxc4 21. Qxc4 Rd8 22. Nf5 Bf8 23. Bg5 Rd7 24. Ne3 Qb6 25. Bh4 Nc6 26. Rd2 Ra7 27. h3 Qb8 28. Bg3 Nd4 29. Nd5 Nc6 30. Kh2 Qb7 31. f4 Ra8 32. f5 Re8 33. Qa4 Ra8 34. Qd1 Kh8 35. f6 g6 36. h4 h5 37. Bf4 Re8 38. Qa4 Rb8 39. Qc4 Kg8 40. Bg3 Re8 41. Bf4 Re6 42. Bg5 Ne5 43. Qa4 Ng4+ 44. Kg3 Kh7 45. b3 Bh6 46. Bxh6 Kxh6 47. Rd3 Ne5 48. Rd1 Qc8 49. Rf1 Re8 50. Rf4 Kh7 51. Nc3 Rf8 52. Kh2 Qb7 53. Kg1 Ra8 54. Qb5 Ra1+ 55. Kh2 Qxb5 56. Nxb5 Rb1 57. Nxd6 Rxb3 58. Rf1 c4 0-1

[Event "OP-2010-0-01044"]
[Site "LSS email"]
[Date "2010.01.11"]
[Round "?"]
[White "Peterka, Jiri"]
[Black "Simal Moreira, Leonardo"]
[Result "0-1"]
[WhiteElo "2036"]
[BlackElo "2111"]
[PlyCount "88"]
[EventDate "2010.01.05"]
[EventType "tourn (corr)"]
[EventRounds "4"]
[EventCountry "GER"]
[SourceTitle "Telechess CBM 147"]
[Source "ChessBase"]
[SourceDate "2012.03.16"]
[SourceVersion "1"]
[SourceVersionDate "2012.03.16"]
[SourceQuality "1"]

1. e4 c5 2. Nf3 Nc6 3. d4 cxd4 4. Nxd4 e5 5. Nb5 d6 6. N1c3 Nf6 7. Bg5 a6 8. Na3 b5 9. Bxf6 gxf6 10. Nd5 f5 11. Bd3 Be6 12. 0-0 Bxd5 13. exd5 Ne7 14. c4 e4 15. Be2 Bg7 16. Qd2 b4 17. Qxb4 Rb8 18. Qa4+ Kf8 19. Rab1 Bxb2 20. Nc2 Be5 21. Qxa6 Ra8 22. Qb7 f4 23. Rfe1 Rg8 24. Bf1 f5 25. a3 Kg7 26. Qb6 Kf6 27. Red1 Qxb6 28. Rxb6 f3 29. g3 Rac8 30. Nd4 f4 31. Rb4 Rce8 32. Rb6 Bxd4 33. Rxd4 Nf5 34. Rd1 e3 35. Bd3 Rb8 36. c5 e2 37. Re1 Rxb6 38. cxb6 Rb8 39. Bxe2 fxe2 40. Rxe2 Rxb6 41. Re6+ Kg7 42. Re4 f3 43. Re1 Rb2 44. g4 Nd4 0-1

[Event "IECG CB.2007.0.00169 email"]
[Site "IECG email"]
[Date "2007.03.25"]
[Round "?"]
[White "Mujica, Hector"]
[Black "Peterka, Jiri"]
[Result "0-1"]
[WhiteElo "1837"]
[BlackElo "1993"]
[PlyCount "100"]
[EventDate "2007.03.25"]
[EventType "tourn (corr)"]
[EventRounds "6"]
[SourceTitle "Corr 2024"]
[Source "ChessBase"]
[SourceDate "2023.10.19"]
[SourceVersion "1"]
[SourceVersionDate "2023.10.19"]
[SourceQuality "1"]

1. d4 d5 2. c4 c6 3. Nf3 Nf6 4. cxd5 cxd5 5. Nc3 Nc6 6. Bf4 Bf5 7. e3 e6 8. Bd3 Bxd3 9. Qxd3 Bd6 10. Bxd6 Qxd6 11. 0-0 0-0 12. Rfc1 Rfc8 13. a3 h6 14. Rc2 Na5 15. Ne5 Qd8 16. f4 Rc7 17. Rac1 Rac8 18. Nb5 Rxc2 19. Rxc2 Rxc2 20. Qxc2 Ne4 21. Nxa7 f6 22. Ng4 Nc4 23. Nb5 Qa5 24. Nc3 Nxb2 25. Qxb2 Qxc3 26. Qxc3 Nxc3 27. Nf2 b6 28. Kf1 Nb5 29. Nd3 Nxa3 30. f5 exf5 31. Nf4 b5 32. Nxd5 Kf7 33. Ke2 Ke6 34. Nf4+ Kd6 35. Nh5 g6 36. Nxf6 Ke6 37. Ne8 b4 38. Kd3 b3 39. Kc3 Nc2 40. Kxb3 Nxe3 41. Kc3 Nxg2 42. Nc7+ Kd6 43. Nb5+ Kc6 44. Na7+ Kb6 45. Nc8+ Kc7 46. Ne7 Nf4 47. Kc4 Kd7 48. Nd5 Nxd5 49. Kxd5 g5 50. Ke5 f4 0-1

[Event "IECG CB.2007.0.00169 email"]
[Site "IECG email"]
[Date "2007.03.25"]
[Round "?"]
[White "Peterka, Jiri"]
[Black "Schibuola, Francesco"]
[Result "1-0"]
[WhiteElo "1993"]
[BlackElo "1919"]
[PlyCount "137"]
[EventDate "2007.03.25"]
[EventType "tourn (corr)"]
[EventRounds "6"]
[SourceTitle "Corr 2024"]
[Source "ChessBase"]
[SourceDate "2023.10.19"]
[SourceVersion "1"]
[SourceVersionDate "2023.10.19"]
[SourceQuality "1"]

1. e4 e6 2. d4 d5 3. Nd2 c5 4. exd5 Qxd5 5. Ngf3 cxd4 6. Bc4 Qd6 7. 0-0 Nf6 8. Nb3 Nc6 9. Nbxd4 Nxd4 10. Nxd4 a6 11. Re1 Qc7 12. Bb3 Bd6 13. Nf5 Bxh2+ 14. Kh1 0-0 15. Nxg7 Rd8 16. Qf3 Kxg7 17. Bh6+ Kg6 18. c3 Nh5 19. Bc1 Bf4 20. g4 Ng3+ 21. fxg3 Bxc1 22. Raxc1 b6 23. Bc2+ Kg7 24. Be4 Ra7 25. Rc2 Bb7 26. Rh2 Bxe4 27. Qxe4 h6 28. g5 hxg5 29. Qh7+ Kf8 30. Qh6+ Ke7 31. Rxe6+ fxe6 32. Qxg5+ Kd7 33. Rh7+ Kc8 34. Rxc7+ Rxc7 35. Kg2 Rd3 36. g4 Rc5 37. Qg8+ Kc7 38. Qh7+ Rd7 39. Qh2+ Kc6 40. Kg3 Rd3+ 41. Kh4 Re3 42. Qb8 a5 43. Qc8+ Kd6 44. Qb7 Rc6 45. g5 Re1 46. Qb8+ Ke7 47. Kh5 Rd1 48. Qa7+ Kd6 49. b4 axb4 50. cxb4 Rb1 51. Qa3 Rh1+ 52. Kg6 Rh8 53. b5+ Rc5 54. Kg7 Rh1 55. Qg3+ Kd7 56. a4 Kc8 57. Qg2 Rh4 58. g6 Kd7 59. a5 bxa5 60. b6 Rc6 61. Qd2+ Rd6 62. Qxa5 Kc6 63. Qa6 Rb4 64. Kf6 Rxb6 65. Qa8+ Kc7 66. g7 e5+ 67. Kf5 Rf6+ 68. Ke4 Rg6 69. g8Q 1-0